000 00891nas a2200289 4500
001 BR0304016
003 BR-BrBNA
005 20231205103956.0
007 ta
008 230509b bl.|||p| |||| 00| 00por d
040 _aBR-BrBNA
_bpor
_cBiblioteca Nacional de Agricultura
041 _a(Pt)
072 _aF30; F40
100 1 _aCitadin, J.
100 1 _aRoseira, M. do C.B.
100 1 _aQuezada, A.C.
100 1 _aSilva, J.B. da
245 1 _aHerdabilidade da necessidade de calor para a antese e brotação em pessegueiro
650 _aPÊSSEGO
650 _aHEREDITARIEDADE
650 _aBROTAÇÃO
650 _aCONDIÇÃO AMBIENTAL
650 _aMELHORAMENTO GENÉTICO VEGETAL
773 0 _tRevista Brasileira de Fruticultura (Brazil)
_xISSN 0100-2945
_g(Apr 2003), v. 25(1) p. 119-123
_wBR0304016
909 _a202311
_bLúcia
_c55
_dLúcia Elande
942 _2AGRIS
_n0
_cANA
999 _c175751
_d175751